[Event "Malaysia Masters"]
[Site "Ampang"]
[Date "2025.06.22"]
[Round "8"]
[White "Siva Kumar, Nirish Kumar"]
[Black "Kavin, Mohan"]
[Result "1/2-1/2"]
[WhiteElo "2151"]
[BlackElo "2103"]
[PlyCount "159"]
[EventDate "2025.06.18"]
[EventType "tourn"]
[EventRounds "9"]
[EventCountry "MAS"]
[SourceTitle "CB26_2025"]
[SourceDate "2025.06.25"]
[SourceVersion "1"]
[SourceVersionDate "2025.06.25"]
[SourceQuality "1"]

1. e4 c5 2. Nf3 e6 3. d3 Nc6 4. Nbd2 Nge7 5. g3 g6 6. Bg2 Bg7 7. 0-0 0-0 8. c3 d5 9. Re1 e5 10. a3 b6 11. b4 cxb4 12. cxb4 Ba6 13. Qb3 dxe4 14. dxe4 Nd4 15. Nxd4 Qxd4 16. Ra2 Rac8 17. b5 Bb7 18. Qb4 Qd7 19. Nf3 Qe6 20. Rd2 Rc4 21. Qb1 Bh6 22. Rdd1 Bxc1 23. Rxc1 Rfc8 24. Rxc4 Rxc4 25. Qd3 Rc5 26. Qd8+ Kg7 27. a4 Rc8 28. Qd3 h6 29. Nd2 Ng8 30. Bf1 Qe7 31. Nc4 Rd8 32. Qc3 Rd4 33. f3 Nf6 34. Qa3 Qe6 35. Rc1 Nd7 36. a5 Nc5 37. axb6 axb6 38. Qa7 Nb3 39. Rc3 Nd2 40. Qxb6 Qc8 41. Be2 Nxc4 42. Rxc4 Rxc4 43. Bxc4 Bxe4 44. Qd6 Bxf3 45. Qxe5+ Kg8 46. Qf4 Qc5+ 47. Kf1 Bd5 48. Qb8+ Kh7 49. Bxd5 Qxd5 50. Qb6 Qd1+ 51. Kg2 Qd5+ 52. Kf1 Qd1+ 53. Kf2 Qd2+ 54. Kf3 f5 55. Qc7+ Kg8 56. Qc4+ Kg7 57. Qe2 Qd5+ 58. Kf2 Qd4+ 59. Kf1 Kf6 60. Qc2 Qd5 61. Qb2+ Ke6 62. Kf2 Qc5+ 63. Ke2 Qc4+ 64. Ke1 Qc5 65. Qb3+ Kd6 66. Ke2 Qe5+ 67. Kd2 Kc5 68. b6 Qd6+ 69. Ke3 Qe7+ 70. Kf2 Qb7 71. Qe3+ Kb5 72. Qxh6 Qxb6+ 73. Kg2 Qf6 74. Qd2 Kc6 75. Kf3 g5 76. Qa5 Kd7 77. Qa7+ Ke6 78. Qe3+ Kf7 79. Qb3+ Kg6 80. Qd3 1/2-1/2

[Event "Malaysia Masters"]
[Site "Ampang"]
[Date "2025.06.21"]
[Round "7"]
[White "Shahar, Uzair"]
[Black "Siva Kumar, Nirish Kumar"]
[Result "1/2-1/2"]
[WhiteElo "2104"]
[BlackElo "2151"]
[PlyCount "43"]
[EventDate "2025.06.18"]
[EventType "tourn"]
[EventRounds "9"]
[EventCountry "MAS"]
[SourceTitle "CB26_2025"]
[SourceDate "2025.06.25"]
[SourceVersion "1"]
[SourceVersionDate "2025.06.25"]
[SourceQuality "1"]

1. d4 d5 2. Bf4 c5 3. e3 Nf6 4. Nc3 cxd4 5. exd4 a6 6. Nf3 Nc6 7. Be2 Bg4 8. 0-0 e6 9. h3 Bxf3 10. Bxf3 Bd6 11. Ne2 Bxf4 12. Nxf4 Qb6 13. c4 0-0 14. cxd5 exd5 15. Nxd5 Nxd5 16. Bxd5 Nxd4 17. b3 Rad8 18. Bc4 Qf6 19. Re1 b5 20. Bf1 Ne6 21. Qe2 Nd4 22. Qe4 1/2-1/2

[Event "Malaysia Masters"]
[Site "Ampang"]
[Date "2025.06.21"]
[Round "6"]
[White "Siva Kumar, Nirish Kumar"]
[Black "Genkeswaran, Genivan"]
[Result "1-0"]
[WhiteElo "2151"]
[BlackElo "2124"]
[PlyCount "233"]
[EventDate "2025.06.18"]
[EventType "tourn"]
[EventRounds "9"]
[EventCountry "MAS"]
[SourceTitle "CB26_2025"]
[SourceDate "2025.06.25"]
[SourceVersion "1"]
[SourceVersionDate "2025.06.25"]
[SourceQuality "1"]

1. e4 e6 2. d3 d5 3. Nd2 c5 4. Ngf3 Nc6 5. g3 d4 6. Bg2 e5 7. Nc4 Qc7 8. a4 Be6 9. Ng5 Bxc4 10. dxc4 h6 11. Nf3 Qd7 12. 0-0 Bd6 13. Ne1 g5 14. Nd3 f5 15. exf5 Nf6 16. Re1 0-0-0 17. Bxc6 bxc6 18. Nxe5 Qxf5 19. Qf3 Qxf3 20. Nxf3 Rde8 21. Bd2 Ne4 22. Re2 g4 23. Ne1 Kd7 24. Nd3 Ng5 25. Rxe8 Nf3+ 26. Kf1 Rxe8 27. Bxh6 Rh8 28. Bf4 Rxh2 29. Ke2 Rh8 30. Bxd6 Kxd6 31. Rf1 Re8+ 32. Kd1 Rh8 33. b3 Ng5 34. Re1 Nf3 35. Rf1 Ng5 36. Kc1 Nf3 37. Ne1 Ng5 38. a5 Rh7 39. Nd3 Nf3 40. Kb2 Rh8 41. Ka3 Rh7 42. Rd1 Rh8 43. Kb2 Rh7 44. Kc1 Rh2 45. Kb2 Rh8 46. a6 Rh2 47. Ka3 Rh8 48. Ka4 Rh5 49. Ka3 Rh7 50. Ra1 Rh8 51. Kb2 Rh5 52. b4 cxb4 53. c5+ Rxc5 54. Nxc5 Kxc5 55. Rh1 Kb5 56. Rh4 c5 57. Rxg4 Kxa6 58. Rf4 Ne5 59. Rf5 Nc4+ 60. Ka2 Kb5 61. g4 a5 62. g5 a4 63. g6 d3 64. cxd3 b3+ 65. Ka1 Nd2 66. Kb2 Kb4 67. Kc1 a3 68. Kxd2 a2 69. Rf4+ Ka3 70. g7 a1Q 71. g8Q Qb2+ 72. Ke3 Qc1+ 73. Kf3 Qd1+ 74. Kg2 Qxd3 75. Qa8+ Kb2 76. Qh8+ Qc3 77. Qd8 Kc2 78. Qd5 b2 79. Rc4 b1Q 80. Rxc3+ Kxc3 81. Qxc5+ Kd2 82. Qe3+ Kd1 83. Qd4+ Ke2 84. Qe5+ Kd2 85. Qd5+ Ke2 86. Qe6+ Kd2 87. f4 Qb7+ 88. Kg3 Qg7+ 89. Kf3 Qb7+ 90. Kg4 Qg2+ 91. Kf5 Qh3+ 92. Kf6 Qh6+ 93. Ke5 Qh8+ 94. Qf6 Qe8+ 95. Kf5 Qh5+ 96. Qg5 Qf7+ 97. Kg4 Ke3 98. Qc5+ Ke2 99. Qc2+ Ke3 100. Qc3+ Ke2 101. f5 Qd5 102. Kg5 Qd8+ 103. f6 Qg8+ 104. Kf4 Qh7 105. Qf3+ Kd2 106. Qg2+ Kd3 107. Qd5+ Kc3 108. f7 Qh4+ 109. Kf5 Qh5+ 110. Ke6 Qh6+ 111. Kd7 Qh3+ 112. Qe6 Qf1 113. Qc6+ Kb2 114. Qb7+ Kc1 115. Qc8+ Kd2 116. f8Q Qd3+ 117. Qd6 1-0

[Event "Malaysia Masters"]
[Site "Ampang"]
[Date "2025.06.19"]
[Round "2"]
[White "Siva Kumar, Nirish Kumar"]
[Black "Shen, Ree Herng"]
[Result "0-1"]
[WhiteElo "2151"]
[BlackElo "1897"]
[PlyCount "108"]
[EventDate "2025.06.18"]
[EventType "tourn"]
[EventRounds "9"]
[EventCountry "MAS"]
[SourceTitle "CB26_2025"]
[SourceDate "2025.06.25"]
[SourceVersion "1"]
[SourceVersionDate "2025.06.25"]
[SourceQuality "1"]

1. Nf3 Nf6 2. g3 g6 3. Bg2 Bg7 4. 0-0 0-0 5. d4 d5 6. c4 dxc4 7. Na3 c3 8. bxc3 c5 9. Bb2 Nc6 10. e3 Qb6 11. Qc1 Bf5 12. Re1 Rac8 13. Nc4 Qa6 14. Bf1 b5 15. Ncd2 cxd4 16. Nxd4 Nxd4 17. exd4 Qb6 18. Nb3 Rfe8 19. a4 bxa4 20. Nc5 e5 21. Rxa4 a5 22. Qa1 Rb8 23. Ra2 Nd7 24. Na6 Rb7 25. Ba3 Ra8 26. Nc5 Rc7 27. Bg2 Re8 28. Nxd7 Bxd7 29. Bc5 Qb3 30. Rxa5 Rec8 31. Ra3 Qc2 32. Be4 Qd2 33. Ra2 Qg5 34. Bb4 exd4 35. Ra5 Qd2 36. Ra2 dxc3 37. Rxd2 cxd2 38. Qd1 dxe1Q+ 39. Bxe1 Bh3 40. Qd2 Rc1 41. Bg2 Bh6 42. Qa5 Bf5 43. Bf1 Re8 44. Bd2 Bxd2 45. Qxd2 Ree1 46. Qd8+ Kg7 47. Qd4+ f6 48. Qa7+ Kh6 49. Kg2 Rxf1 50. Qe3+ g5 51. Qe7 Rg1+ 52. Kf3 Rc3+ 53. Ke2 Rc2+ 54. Kf3 g4+ 0-1

[Event "Titled Tuesday intern op 25th Feb Early"]
[Site "Chess.com INT"]
[Date "2025.02.25"]
[Round "3"]
[White "Ivanova, Karina"]
[Black "Siva Kumar, Nirish Kumar"]
[Result "0-1"]
[WhiteElo "2085"]
[BlackElo "2151"]
[PlyCount "88"]
[EventDate "2025.02.25"]
[EventType "swiss (blitz)"]
[EventRounds "11"]
[EventCountry "USA"]
[SourceTitle "CB10_2025"]
[SourceDate "2025.03.05"]
[SourceVersion "1"]
[SourceVersionDate "2025.03.05"]
[SourceQuality "1"]

1. d4 Nf6 2. Nf3 e6 3. g3 d5 4. Bg2 Be7 5. 0-0 0-0 6. Nbd2 a5 7. c4 Nbd7 8. Qc2 c5 9. e4 dxe4 10. Nxe4 Nxe4 11. Qxe4 Nf6 12. Qf4 Qb6 13. dxc5 Bxc5 14. b3 Qd6 15. Qxd6 Bxd6 16. Bb2 a4 17. Rfd1 Bc5 18. Ne5 Re8 19. Bc3 Bf8 20. b4 Ra6 21. a3 h5 22. h3 h4 23. c5 Nd5 24. Bb2 hxg3 25. fxg3 Ne3 26. Rd3 Nxg2 27. Kxg2 f6 28. Ng6 e5 29. Nxf8 Kxf8 30. Rad1 Ke7 31. Rd6 Rxd6 32. Rxd6 Rd8 33. Rxd8 Kxd8 34. g4 Kd7 35. Kf3 Ke6 36. Ke4 Bd7 37. h4 Bc6+ 38. Ke3 Kd5 39. g5 Ke6 40. gxf6 gxf6 41. h5 Kf7 42. b5 Bxb5 43. Ke4 Bc6+ 44. Kf5 Bf3 0-1

[Event "Titled Tuesday intern op 25th Feb Early"]
[Site "Chess.com INT"]
[Date "2025.02.25"]
[Round "9"]
[White "Shuvalov, Evgenij"]
[Black "Siva Kumar, Nirish Kumar"]
[Result "0-1"]
[WhiteElo "1986"]
[BlackElo "2151"]
[PlyCount "130"]
[EventDate "2025.02.25"]
[EventType "swiss (blitz)"]
[EventRounds "11"]
[EventCountry "USA"]
[SourceTitle "CB10_2025"]
[SourceDate "2025.03.05"]
[SourceVersion "1"]
[SourceVersionDate "2025.03.05"]
[SourceQuality "1"]

1. d4 Nf6 2. c4 e6 3. Nf3 d5 4. Nc3 Bb4 5. Bg5 dxc4 6. e4 b5 7. a4 c6 8. e5 h6 9. Bh4 g5 10. Nxg5 hxg5 11. Bxg5 Nbd7 12. exf6 Bb7 13. g3 c5 14. f3 cxd4 15. Qxd4 Nc5 16. Qf2 Nd3+ 17. Bxd3 Qxd3 18. Rd1 Qxf3 19. Rf1 Qe4+ 20. Kd2 Qd3+ 21. Kc1 Qg6 22. h4 0-0 23. Nxb5 Rfc8 24. Bd2 c3 25. Nxc3 Bd5 26. Qf4 Rab8 27. Qg5 Bb3 28. Qxg6+ fxg6 29. f7+ Kg7 30. Rde1 Rf8 31. Bf4 Rbc8 32. Be5+ Kh7 33. g4 Be7 34. g5 Rc4 35. Rh1 Rg4 36. Ref1 Bc4 37. Rf2 Bd3 38. Kd2 Bf5 39. Ne2 Rxf7 40. Nd4 Rf8 41. Nxf5 Rxf5 42. Rxf5 exf5 43. Bc3 Re4 44. Kc2 Rxa4 45. Rd1 Re4 46. Rd7 Kg8 47. Rxa7 Kf8 48. Ra8+ Kf7 49. Ra7 Ke6 50. h5 gxh5 51. g6 Rg4 52. g7 h4 53. Ra8 Kf7 54. Ra7 h3 55. Ra8 h2 56. Rh8 Rg2+ 57. Kb3 f4 58. g8Q+ Rxg8 59. Rxh2 Bd6 60. Rh7+ Ke6 61. Rh6+ Kd5 62. Rh5+ Ke4 63. Kc4 Rc8+ 64. Kb5 f3 65. Rh6 Bf4 0-1

[Event "Titled Tuesday intern op 25th Feb Early"]
[Site "Chess.com INT"]
[Date "2025.02.25"]
[Round "7"]
[White "Siva Kumar, Nirish Kumar"]
[Black "Burmakin, Vladimir"]
[Result "0-1"]
[WhiteElo "2151"]
[BlackElo "2435"]
[PlyCount "126"]
[EventDate "2025.02.25"]
[EventType "swiss (blitz)"]
[EventRounds "11"]
[EventCountry "USA"]
[SourceTitle "CB10_2025"]
[SourceDate "2025.03.05"]
[SourceVersion "1"]
[SourceVersionDate "2025.03.05"]
[SourceQuality "1"]

1. d4 c6 2. c4 Nf6 3. Nf3 d5 4. Nc3 a6 5. g3 b5 6. c5 a5 7. Bg2 g6 8. 0-0 Bg7 9. Bf4 Nbd7 10. Ne5 Nxe5 11. Bxe5 0-0 12. a3 Be6 13. Re1 a4 14. Na2 Qd7 15. Nb4 Rac8 16. b3 Ra8 17. Qc2 axb3 18. Qxb3 Ra4 19. e3 Rfa8 20. Bf1 Ne4 21. Bxg7 Kxg7 22. Ra2 Ng5 23. Bg2 Bh3 24. Bh1 Ne6 25. Qc3 Kg8 26. Rd1 Nc7 27. e4 Be6 28. Raa1 dxe4 29. Bxe4 Nd5 30. Bxd5 Bxd5 31. Re1 e6 32. Qe3 Qd8 33. h4 h5 34. Qe5 Rxa3 35. Rxa3 Rxa3 36. Qd6 Qxd6 37. cxd6 Ra7 38. Rc1 Rd7 39. Nxc6 Rxd6 40. Nb4 Bc4 41. Rd1 e5 42. d5 e4 43. Rd4 f5 44. Kg2 Kg7 45. f3 e3 46. f4 Rd8 47. Kf3 Re8 48. Nc2 e2 49. Ne1 Kf6 50. d6 Rd8 51. Kf2 Ke6 52. Nf3 Rxd6 53. Rxd6+ Kxd6 54. Ne5 Kd5 55. Nxg6 b4 56. Ne5 b3 57. Nf3 b2 58. Nd2 Kd4 59. Ke1 Kc3 60. Nb1+ Kc2 61. Na3+ Kb3 62. Nb1 Bd3 63. Nd2+ Kc2 0-1

[Event "Titled Tuesday intern op 25th Feb Early"]
[Site "Chess.com INT"]
[Date "2025.02.25"]
[Round "4"]
[White "Volkov, Nika"]
[Black "Siva Kumar, Nirish Kumar"]
[Result "0-1"]
[WhiteElo "2206"]
[BlackElo "2151"]
[PlyCount "100"]
[EventDate "2025.02.25"]
[EventType "swiss (blitz)"]
[EventRounds "11"]
[EventCountry "USA"]
[SourceTitle "CB10_2025"]
[SourceDate "2025.03.05"]
[SourceVersion "1"]
[SourceVersionDate "2025.03.05"]
[SourceQuality "1"]

1. Nf3 d5 2. e3 Nf6 3. d4 c5 4. c4 e6 5. Nc3 Nc6 6. Be2 dxc4 7. 0-0 a6 8. a4 Be7 9. Bxc4 cxd4 10. exd4 0-0 11. Be3 Nb4 12. Qe2 Nbd5 13. Rac1 Bd7 14. Ne5 Be8 15. Rfd1 Rc8 16. Bxd5 Nxd5 17. Nxd5 exd5 18. b3 Bd6 19. Qg4 Rxc1 20. Rxc1 Qb6 21. Nd7 Bxd7 22. Qxd7 Ba3 23. Rc8 Qxb3 24. h4 h6 25. Rc7 b5 26. axb5 Qxb5 27. Qf5 Qe2 28. Qxd5 Qe1+ 29. Kh2 Qd1 30. Ra7 Qg4 31. g3 Qc8 32. Bf4 Bb4 33. Rc7 Qa8 34. Qc4 a5 35. d5 Qd8 36. Qc6 Qe8 37. Qb6 Qe4 38. d6 g5 39. hxg5 hxg5 40. Bxg5 Qh7+ 41. Bh4 Qh6 42. Rc6 Qe6 43. Be7 Re8 44. Qd4 Qg6 45. Rb6 Qh5+ 46. Kg1 Rc8 47. Qa1 Qh6 48. d7 Rc1+ 49. Qxc1 Qxc1+ 50. Kg2 Bxe7 0-1

[Event "Asia-ch Blitz U18"]
[Site "Almaty"]
[Date "2024.06.20"]
[Round "1"]
[White "Hommadov, Amanmuhammet"]
[Black "Siva Kumar, Nirish Kumar"]
[Result "1-0"]
[WhiteElo "2312"]
[BlackElo "1859"]
[PlyCount "63"]
[EventDate "2024.06.20"]
[EventType "swiss (blitz)"]
[EventRounds "9"]
[EventCountry "KAZ"]
[SourceTitle "EXT 2025"]
[Source "ChessBase"]
[SourceDate "2024.10.14"]
[SourceVersion "1"]
[SourceVersionDate "2024.10.14"]
[SourceQuality "1"]
[WhiteTeam "TKM"]
[BlackTeam "MAS"]

1. e4 e6 2. d4 d5 3. e5 c5 4. c3 Nc6 5. Nf3 Qb6 6. Bd3 cxd4 7. 0-0 Bd7 8. Re1 Nge7 9. h4 a6 10. h5 Rc8 11. a3 dxc3 12. Nxc3 Na5 13. Nd2 g6 14. Qg4 Nf5 15. Nf3 Nb3 16. Rb1 Nxc1 17. Rexc1 Bh6 18. Rd1 0-0 19. Bxf5 exf5 20. Qh3 Rxc3 21. bxc3 Qc6 22. Nd4 Qc4 23. hxg6 Kg7 24. Rxb7 Qa4 25. Rdb1 hxg6 26. e6 Bc8 27. Rxf7+ Rxf7 28. exf7 Qd7 29. Qxh6+ Kxh6 30. f8Q+ Kg5 31. Nf3+ Kg4 32. Rb4+ 1-0

[Event "Asia-ch U18"]
[Site "Almaty"]
[Date "2024.06.12"]
[Round "1"]
[White "Dau, Khuong Duy"]
[Black "Siva Kumar, Nirish Kumar"]
[Result "1-0"]
[WhiteElo "2380"]
[BlackElo "1902"]
[PlyCount "55"]
[EventDate "2024.06.12"]
[EventType "swiss"]
[EventRounds "9"]
[EventCountry "KAZ"]
[SourceTitle "CBM 220 Extra"]
[Source "ChessBase"]
[SourceDate "2024.07.31"]
[SourceVersion "1"]
[SourceVersionDate "2024.07.31"]
[SourceQuality "1"]

1. e4 g6 2. d4 d6 3. Nc3 c6 4. Be3 Nf6 5. Qd2 Nbd7 6. a4 Bg7 7. f3 0-0 8. 0-0-0 Qa5 9. Kb1 Re8 10. g4 Nb6 11. b3 Nfd7 12. Qe1 Qb4 13. Nge2 Nc4 14. Bc1 d5 15. exd5 Ndb6 16. Ka2 e5 17. Ng3 Bd7 18. dxc6 Bxc6 19. Nce4 Qe7 20. d5 Bxa4 21. bxc4 Rec8 22. Ba3 Qd7 23. Qc3 f5 24. gxf5 Bb5 25. c5 gxf5 26. Bxb5 Qxb5 27. Nxf5 Na4 28. Qb3 1-0

[Event "Asia-ch Rapid U18"]
[Site "Almaty"]
[Date "2024.06.10"]
[Round "1"]
[White "Khripachenko, Alexander"]
[Black "Siva Kumar, Nirish Kumar"]
[Result "1-0"]
[WhiteElo "2283"]
[BlackElo "1861"]
[PlyCount "101"]
[EventDate "2024.06.10"]
[EventType "swiss (rapid)"]
[EventRounds "9"]
[EventCountry "KAZ"]
[SourceTitle "EXT 2025"]
[Source "ChessBase"]
[SourceDate "2024.10.14"]
[SourceVersion "1"]
[SourceVersionDate "2024.10.14"]
[SourceQuality "1"]
[WhiteTeam "FID"]
[BlackTeam "MAS"]

1. e4 g6 2. d4 d6 3. Nf3 Bg7 4. Nc3 Nc6 5. Be3 Bg4 6. Bc4 Nf6 7. h3 Bxf3 8. Qxf3 0-0 9. Bb3 Nd7 10. 0-0-0 Na5 11. h4 Nxb3+ 12. axb3 e5 13. dxe5 Nxe5 14. Qg3 h5 15. Bg5 Qd7 16. Nd5 f6 17. Bd2 Qf7 18. Bc3 Kh7 19. f4 Ng4 20. f5 Rae8 21. fxg6+ Qxg6 22. Nxc7 Rxe4 23. Rhe1 Rf7 24. Nd5 Bh6+ 25. Kb1 f5 26. Qf3 Qe6 27. g3 Qg6 28. Qf1 Nh2 29. Qd3 Ng4 30. Rf1 Qe6 31. Qb5 Qg6 32. Qa5 b6 33. Qa6 Qe6 34. Qb5 Ne5 35. Nf4 Bxf4 36. gxf4 Ng4 37. Rfe1 Kg6 38. Rxe4 fxe4 39. Qg5+ Kh7 40. Qxh5+ Nh6 41. Rg1 Qf5 42. Rg5 Qe6 43. f5 Qxf5 44. Rxf5 Rxf5 45. Qd1 d5 46. Qd4 Kg6 47. Qg7+ Kh5 48. Bd2 e3 49. Bxe3 Rf1+ 50. Ka2 Nf5 51. Qg5# 1-0